| 000 | 00958nam a2200265Ia 4500 | ||
|---|---|---|---|
| 003 | OSt | ||
| 005 | 20220918172010.0 | ||
| 006 | a|||||r|||| 00| 0 | ||
| 007 | ta | ||
| 008 | 220917b |||||||| |||| 00| 0 eng d | ||
| 020 |
_a9789004164758 (hbk) _c7158 |
||
| 024 | _a242,643 | ||
| 037 |
_b9525, 09/07/2010, Elite Publishers Distributors _cTextual |
||
| 040 |
_aARTS _cARTS _beng |
||
| 041 |
_2eng _aeng |
||
| 082 | _aV683.P1, Q0(906) | ||
| 100 |
_aAlasow Omar Abdulle _939743 |
||
| 245 | 0 |
_aViolations of the rules applicable in non-international armed conflicts and their possible causes _b Case of Somalia |
|
| 260 |
_aLeiden _bMartinus Nijhoff Publishers USA _c2010 |
||
| 300 |
_axxxii,364p. _ccm. |
||
| 490 | _aInternational humanitarian law; 21 | ||
| 650 |
_aAFRICA - HISTORY _920294 |
||
| 942 |
_hV683.P1, Q0(906) _cTEXL _2CC |
||
| 999 |
_c142195 _d142195 |
||